000 00689nam a2200181Ia 4500
008 0000001999 ag az 0000000000spa00
020 _a98792911093
090 _aPPY00 E71i
100 1 _aEscobar, Ticio
245 1 0 _aIgnacio Nuñez Soler
_b: proyecto cultural artistas del Mercosur
_c/ textos Ticio Escobar ; curaduría Osvaldo Salerno
300 _a253 p.
_c/ 29 cm.
500 _aCon el patronazgo del maestro venezolano Jesús Rafael Soto (q.e.p.d.)
600 0 0 _a NUñEZ SOLER, IGNACIO, 18911983/
_xTRABAJOS PICTORICOS
650 1 4 _a PINTURA PARAGUAYA
650 1 4 _aPINTORES PARAGUAYOS
700 1 _aSalerno, Osvaldo
999 _c390
_d390
260 _aAsunción : Banco Alemán
_c1999